Vývoj vzťahu práva a morálky v európskom priestore
Morálnosť práva alebo jednota práva a morálky. Názory hľadajúce prepojenie práva a morálky.
Salvato in:
| Autore principale: | |
|---|---|
| Natura: | Capitolo di libro |
| Lingua: | slovacco |
| Soggetti: | |
| Tags: |
Nessun Tag, puoi essere il primo ad aggiungerne!!
|
MARC
| LEADER | 00000naa a2200000 4500 | ||
|---|---|---|---|
| 001 | 0209694 | ||
| 005 | 20221019165326.1 | ||
| 041 | 0 | |a slo | |
| 044 | |a SK | ||
| 245 | 1 | 0 | |a Vývoj vzťahu práva a morálky v európskom priestore |c Róbert Brtko |
| 520 | |a Morálnosť práva alebo jednota práva a morálky. Názory hľadajúce prepojenie práva a morálky. | ||
| 610 | 2 | 0 | |a právo |
| 610 | 2 | 0 | |a morálka |
| 610 | 2 | 0 | |a etika |
| 610 | 2 | 0 | |a história |
| 610 | 2 | 0 | |a poriadok právny |
| 100 | 1 | |a Brtko, Róbert | |